|
|
|
|
| LEADER |
00000nas a2200000 i 4500 |
| 001 |
ssj0024594 |
| 003 |
WaSeSS |
| 005 |
20200512172242.0 |
| 006 |
m d |
| 007 |
cr n |
| 008 |
000508c19939999enkbr p s 0 0eng d |
| 010 |
|
|
|a 2017208509
|
| 015 |
|
|
|a GBA602961
|2 bnb
|
| 016 |
7 |
|
|a 013352125
|2 Uk
|
| 022 |
|
|
|a 1469-5782
|y 0964-5292
|
| 035 |
|
|
|a (WaSeSS)ssj0024594
|
| 037 |
|
|
|b Carfax International Publishers, PO Box 25, Abingdon, Oxfordshire, OX14 3UE, UK
|
| 040 |
|
|
|a F#A
|b eng
|c F#A
|d OCLCQ
|d OCL
|d AU@
|d TXJ
|d UV0
|d W2U
|d OCLCQ
|d CEF
|d B3G
|d UKMGB
|d OCLCQ
|d OCLCF
|d OCLCQ
|d VT2
|d UAB
|d FIE
|d WT2
|d ZAC
|d NLE
|d DLC
|d U3W
|d OCLCQ
|d UOK
|d OCLCQ
|d AUD
|d WYU
|d YOU
|d OCLCQ
|d WaSeSS
|
| 042 |
|
|
|a lccopycat
|
| 050 |
0 |
0 |
|a LC65
|
| 082 |
0 |
4 |
|a 338.4737
|2 20
|
| 245 |
0 |
0 |
|a Education economics
|h [electronic resource].
|
| 260 |
|
|
|a [Abingdon, Oxfordshire] :
|b Carfax International Publishers
|
| 310 |
|
|
|a 6 issues per year,
|b <2014->
|
| 321 |
|
|
|a Three no. a year
|
| 362 |
1 |
|
|a Print began with vol. 1, no. 1 (1993).
|
| 506 |
|
|
|a License restrictions may limit access.
|
| 538 |
|
|
|a Mode of access: World Wide Web.
|
| 540 |
|
|
|a Current copyright fee: GBP32.00
|c 1\0.
|5 Uk
|
| 588 |
0 |
|
|a Vol. 8, no. 1 (Apr. 2000); title from journal information screen (viewed May 1, 2000).
|
| 588 |
1 |
|
|a Volume 26, issue 1 (2018) (Taylor & Francis Online, viewed December 15, 2017).
|
| 650 |
|
0 |
|a Education
|x Economic aspects
|v Periodicals.
|
| 650 |
|
7 |
|a Education
|x Economic aspects.
|2 fast
|0 (OCoLC)fst00902610
|
| 655 |
|
0 |
|a Electronic journals.
|
| 776 |
0 |
8 |
|i Print version:
|t Education economics
|x 0964-5292
|w (DLC)sn 98031968
|w (OCoLC)29782676
|
| 850 |
|
|
|a DLC
|
| 856 |
4 |
0 |
|z Full text available from Research Library: 08/01/1997 to 08/31/2000
|u https://search.proquest.com/publication/33028
|